Statistiken für Meistgesuchte Automarken weltweit

Klicken Sie hier um das Quiz zu spielen!

Allgemein

  • Dieses Quiz wurde 1.396 mal gespielt
  • Das Durchschnittsergebnis liegt bei 140 aus 194

Antworten auf der Karte

Die Antworten werden auf der Karte rot bzw. grün angezeigt, abhängig davon wie oft sie richtig erraten wurden.
 

Antwortstatistiken

Country% Korrekt
Mercedes
93%
Volkswagen
92%
BMW
91%
Toyota
75%
Fiat
61%
Renault
56%
Honda
50%
Hyundai
47%
Volvo
45%
Peugeot
40%
Chevrolet
34%
Suzuki
26%
Bugatti
22%
Mini
18%
Jaguar
15%

Verteilung der Resultate

Perzentil nach korrekt beantworteten Fragen

Anzahl Personen mit jedem Resultat

Ihre Resultats-Entwicklung

Sie haben dieses Quiz noch nicht gespielt